Word Ladder: '70s Song Quiz Stats

Quiz Updated Apr 2, 2018

Challenge
Share
Tweet
Embed
Score 0/27 Timer 02:00
0 Plays Today
Clue Answer % Correct
Opposite of a home game•AWAY•
90.3%
Travel by sea•SAIL•
89.3%
Something that's waggedTAIL
87.8%
Try to hit a flySWAT
86.2%
Like NBA playersTALL
85.4%
Move like a pendulumSWAY
85.4%
Spill the beansTELL
84.1%
_ ___ in the Life (Beatles song)A DAY
81.6%
Shade of blueTEAL
79.7%
Bering, Barents and BalticSEAS
79.5%
Color of the Confederate ArmyGRAY
79.2%
Old king who was a merry old soulCOLE
78.1%
DirtSOIL
77.6%
Metric unit of massGRAM
76.9%
Clue Answer % Correct
Pew e.g.SEAT
76.7%
Snowboard alternativeSKIS
76.3%
'_____ Mate!' (Hello from an Aussie)G'DAY
75.9%
Defensive posture of a rattlesnakeCOIL
75.1%
'The ____ the limit!'SKY'S
74.7%
6, in SpanishSEIS
73.9%
Trolley carTRAM
72.9%
Univ.COLL.
71.4%
A duo of oxenTEAM
69.4%
Eyelid infectionSTYE
50.4%
River of the Underworld, or the 70s band that wrote the song with the marked answersSTYX
49.5%
Terrier named for a British IsleSKYE
44.9%
Respond affirmatively to an invitation•COME•
35.5%

Today's Daily Dose

Word Ladder
Paul Newman

On This Day
April 21st II

You're not logged in!

Compare scores with friends on all Sporcle quizzes.
Sign Up with Email
OR
Log In

You Might Also Like...

Show Comments

Extras

Top Quizzes Today


Score Distribution

Your Account Isn't Verified!

In order to create a playlist on Sporcle, you need to verify the email address you used during registration. Go to your Sporcle Settings to finish the process.

Report this User

Report this user for behavior that violates our Community Guidelines.

Details: